[Event "EU-ch 16th"]
[Site "Jerusalem"]
[Date "2015.03.03"]
[Round "7"]
[White "Postny, Evgeny"]
[Black "Sivuk, Vitaly"]
[Result "1-0"]
[WhiteElo "2647"]
[BlackElo "2517"]
[Annotator "Postny,E"]
[PlyCount "79"]
[EventDate "2015.02.24"]
[EventType "swiss"]
[EventRounds "11"]
[EventCountry "ISR"]
[SourceTitle "CBM 166"]
[Source "ChessBase"]
[SourceDate "2015.05.11"]
[SourceVersion "1"]
[SourceVersionDate "2015.05.11"]
[SourceQuality "1"]

{This is a game from the seventh round of the European championship. So far my
result wasn't good at all, only 3.5 points out of 6, so a win was desperately
needed to stay in the race for the qualification for the World Cup.} 1. d4 Nf6
2. c4 e6 3. Nf3 Bb4+ 4. Bd2 a5 5. g3 b6 (5... d6 {is more common and then
Black can develop his queenside knight either to d7 or c6.}) 6. Bg2 Bb7 {
Now we get a mix of a Bogoljubow variation and the Queen's Indian.} 7. O-O O-O
8. Nc3 d6 (8... Re8 9. Qc2 d6 10. Bg5 Bxc3 11. Bxf6 Qxf6 12. Qxc3 Nd7 13. Rfe1
Rad8 14. e4 c5 15. Rad1 $14 {1-0 (65) Vitiugov,N (2735)-Roiz,M (2592) Caleta
2015}) 9. Rc1 (9. Qc2 Nbd7 10. Rad1 Bxc3 11. Bxc3 Be4 12. Qc1 Qb8 13. a4 Qb7
14. b3 d5 $11 {0-1 (84) Romanov,E (2606)-Andreikin,D (2689) Moscow 2011}) (9.
b3 Nbd7 10. a3 Bxc3 11. Bxc3 Be4 12. Qc1 Qb8 13. a4 Qb7 14. Qf4 Rfe8 15. Rfd1
h6 $11 {0-1 (60) Dzagnidze,N (2541)-Hou,Y (2629) Lopota 2014}) 9... Nbd7 10. d5
{This is a typical idea, seizing more space. Not really a pawn sacrifice.} e5 {
My opponent decided to close the position.} (10... Nc5 $1 {looks like the best
reaction, keeping the position flexible.} 11. Nh4 (11. Nd4 Bxc3 12. Bxc3 Nfe4
$1 13. Bxe4 Nxe4 14. dxe6 Qg5 $44) 11... Re8 12. dxe6 fxe6 13. Bxb7 Nxb7 14.
Qc2 Nc5 $11 {0-1 (38) Gozzoli,Y (2430)-Bagheri,A (2534) Guingamp 2004}) (10...
exd5 $6 11. Nxd5 Nxd5 12. cxd5 Nf6 13. Bxb4 axb4 14. Nd4 Nxd5 (14... Rxa2 15.
Qb3 Ra5 16. e4 $16 {[%cal Gb3b4]}) 15. Nb5 c6 16. Bxd5 cxd5 17. Qb3 {Black may
end up having one of the ugliest structures ever.}) 11. Qc2 {I spent quite
some time here, trying to figure out the best setup for my pieces.} (11. Ne1 {
is a serious alternative, which I considered. However, after} Nc5 12. Nd3 Nxd3
13. exd3 Bc5 {it's not clear why I should be happy about this change of the
structure.}) 11... Nc5 (11... c6 $6 {is strategically very risky.} {After} 12.
dxc6 Bxc6 13. Nh4 {the holes in Black's camp will tell.}) 12. b3 Bc8 {The
bishop can achieve nothing on b7.} 13. Nb5 {I have to exchange the
dark-squared bishops, otherwise my play on the queenside can't even start
going.} Bxd2 14. Nxd2 Bd7 15. a3 Na6 (15... Bxb5 $6 16. cxb5 {[%csl Rc7][%cal
Gb3b4]} Ra7 17. b4 Ncd7 ({Opening the a-file favours White:} 17... axb4 $2 18.
axb4 Ncd7 19. Ra1 Qa8 20. Qc3 $16) 18. bxa5 bxa5 {An engine assesses this
position as playable for Black, but I don't believe it. White must be
considerably better thanks to the control over the c-file and superior pawn
structure.}) 16. Nb1 ({In the event of} 16. e4 {I was concerned about} Qe8 17.
Nc3 b5 {getting some activity, but perhaps it harms only Black.} 18. cxb5 Bxb5
19. Nxb5 Qxb5 20. Rb1 $14 {[%cal Gf1c1]}) 16... Ng4 $1 {No threat, but setting
free the way for the f-pawn.} 17. h3 Nh6 18. e3 {Preparing to meet f7-f5 with
f2-f4. This way Black's minor pieces will remain passive.} Qe7 19. Kh2 Rae8 20.
N1c3 g5 $5 (20... f5 21. f4 g5 22. Rb1 gxf4 23. exf4 exf4 24. Rxf4 Qg7 25. Ne2
$14) 21. e4 $6 {It's often difficult to make a decision when the pawn
structure is going to change. This was one of these moments. It was preferable
to keep the pawn on e3, meanwhile trying to make some progress on the
queenside.} (21. Qd2 f5 22. f4 Nc5 23. Rb1 $14 {[%cal Gb3b4]}) 21... f5 22.
exf5 Nxf5 {The knight has come out and is heading to the juicy d4-square. The
position is now balanced.} 23. Rce1 Qg7 24. Qd1 {I wasn't sure what to do, so
just made a waiting queen move.} Re7 25. Qd2 $6 {I wasn't concerned about the
idea g5-g4, otherwise, I would keep my queen on d1.} (25. b4 axb4 26. axb4 Nxb4
27. Nxc7 Nd4 28. Ne6 $1 Bxe6 29. dxe6 {was a possible way to proceed. The Pe6
will be captured, but White will always have enough play on the light squares.
As long as queens are on the board, Black's monarch won't feel too safe.})
25... h6 $6 {Too modest. Black could use the chance to bring the other knight
into the battle.} (25... Nc5 $1 26. b4 (26. Nxc7 $6 Nxb3 27. Qb2 Nbd4 28. Qxb6
g4 $1 {[%cal Gg7h6] with great initiative for the pawn.}) 26... axb4 27. axb4
Nb3 28. Qd1 Bxb5 29. Nxb5 Nbd4 {and Black is, at a minimum, not worse.}) 26. b4
$1 {Now I get a much better version of this idea.} axb4 27. axb4 Be8 (27...
Nxb4 $2 28. Nxc7 Nd4 29. Rb1 $16) 28. Ra1 Nb8 {A sad necessity. This knight
will never get out.} 29. Ra7 (29. Ra8 {was also good, but I wanted to target
the Pc7.}) 29... Bg6 (29... Nd4 30. Nxd4 exd4 31. Nb5 Bxb5 32. cxb5 c5 33. Rxe7
Qxe7 34. Re1 Qf7 35. bxc5 bxc5 36. Kg1 Nd7 37. Re6 $16 {It's important that
the rook could sneak in before Black's knight establishes itself on e5.}) (
29... c5 30. Rxe7 Qxe7 31. bxc5 bxc5 32. Ra1 $16 {[%cal Ga1a7]}) 30. Re1 Ref7
31. Ne4 $6 {Very human and very inaccurate.} (31. Ne2 $1 {was a fine
prophylactic move, covering the d4-square.}) 31... Nd4 32. Nxd4 $6 (32. Kg1 $1
{was the way to protect the Pf2.} Bxe4 $140 $2 33. Bxe4 Rxf2 34. Qxf2 Rxf2 35.
Kxf2 {Black's queen can't come out due to the closed character of the position.
Two rooks easily prevail.}) 32... exd4 33. Kg1 Re8 $2 {The critical moment in
slight time trouble. I was expecting 33...Bxe4 and couldn't really assess the
resulting irrational position.} (33... Bxe4 34. Rxe4 Rxf2 35. Qxf2 Rxf2 36.
Kxf2 Nd7 $1 37. Re8+ (37. Rxc7 Qf8+ 38. Ke2 Ne5 39. Rxd4 Qa8 {Here Black can't
be worse thanks to the great duo queen + knight.}) 37... Kf7 38. Re6 d3 39.
Rxc7 Qd4+ 40. Kf1 d2 41. Rxd7+ Kf8 42. Rd8+ {with perpetual check.}) (33... d3
$5 {[%cal Gg7d4] was another good alternative.} 34. Ra2 (34. Qxd3 Rxf2 $132)
34... Qd4 35. Re3 Qxc4 36. Rxd3 Bxe4 37. Rd4 Qb3 38. Rxe4 Nd7 $11) 34. c5 {
Now White's play goes smoothly, while Black has no time to do something along
the e-file.} bxc5 35. bxc5 Bxe4 36. Bxe4 dxc5 {This loses by force, but the
alternatives were not much better.} (36... Rfe7 37. cxd6 cxd6 38. Rxe7 Rxe7 39.
Qb4 Nd7 40. Qxd6 $18) 37. d6 {[%cal Ge4d5]} c6 38. Bh7+ $1 Kf8 (38... Kxh7 39.
Qd3+ $18) 39. Rxe8+ Kxe8 40. Qb2 {[%csl Rb8]} 1-0

[Event "FRA-chT Top 16 Gp Haute"]
[Site "Guingamp"]
[Date "2010.06.03"]
[Round "8.4"]
[White "Fressinet, Laurent"]
[Black "Kogan, Artur"]
[Result "1/2-1/2"]
[WhiteElo "2689"]
[BlackElo "2525"]
[Annotator "Primel,D"]
[PlyCount "55"]
[EventDate "2010.06.03"]
[EventType "team-tourn"]
[EventRounds "11"]
[EventCountry "FRA"]
[SourceTitle "EXT 2011"]
[Source "ChessBase"]
[SourceDate "2010.11.26"]
[SourceVersion "1"]
[SourceVersionDate "2010.11.26"]
[SourceQuality "1"]
[WhiteTeam "Clichy"]
[BlackTeam "Evry Grand Roque"]
[WhiteTeamCountry "FRA"]
[BlackTeamCountry "FRA"]

1. d4 Nf6 2. Nf3 e6 3. c4 b6 4. g3 Bb4+ {Une ligne trés souple qui peut
transposer dans une Bogo ou une Ouest-Indienne} (4... Ba6 {La grande ligne}) (
4... Bb7) 5. Bd2 (5. Nbd2 {Van Wely,L (2639)-Genzling,A (2405) FRA T TOP 16
2010 (8.2) 1-0}) 5... c5 $5 {Une idée récente typique du jeu moderne ou
l'importance de la structure de P est parfois délaissée au profit du dynamisme}
(5... a5 {plus courant} 6. Bg2 Bb7 {Fressinet,L (2697)-Sokolov,A (2596)
FRA-chA 85th 2010 (3) 1/2}) (5... Qe7 {[%cal Ge7b4]} 6. Bg2 Bb7 7. O-O O-O 8.
Bf4 $5 {[%cal Ga2a3]}) (5... Bxd2+ 6. Qxd2 Ba6 7. b3 c6 8. Nc3 (8. Bg2 d5 $132)
8... d5 9. Bg2 O-O 10. O-O (10. Ne5 Nfd7 11. Nxd7 Nxd7 12. O-O Rc8 (12... dxc4)
13. cxd5 cxd5 $11) 10... Nbd7) 6. Bxb4 {La ligne critique pour la variante c5
mais il n'est pas facile pour les blancs de profiter de l'affaiblissement de
la structure car les noirs ont un jeu dynamique en contrepartie.} (6. Bg2 Bb7
7. O-O O-O 8. dxc5 $5 (8. Bxb4) 8... Bxc5 9. Nc3 Ne4 (9... Nc6 10. Bg5 h6 $1
11. Bxf6 Qxf6 12. Qxd7 Na5 $44 {[%csl Rd7][%cal Gf8d8]}) 10. Nh4 {Speelman,J 
(2495)-Kortschnoj,V (2635) London P&D 1984 (1) 1/2} (10. Qc2 $142)) 6... cxb4
7. Bg2 Bb7 (7... Nc6 8. d5 $1) 8. O-O O-O 9. Qd3 $5 {la préparation du
français qui dévie le premier d'une partie précédente} (9. a3 bxa3 10. Rxa3 $14
) (9. Qb3 $5) (9. Nbd2 $143 d6 10. Qb3 a5 11. a3 Na6 $11 {Fressinet,L (2653)
-Alekseev,E (2715) World Cup Khanty Mansiysk 2009 (2.3) 0-1}) 9... a5 (9... Be4
$143 10. Qb3 Nc6 (10... Qe7 11. Nbd2) 11. Nbd2 Rc8 12. Nxe4 Nxe4 13. Rac1 $16)
10. Nbd2 (10. a3 $5 Na6 (10... Nc6 11. d5 $14) 11. Re1 d6 12. e4 (12. Nbd2))
10... d6 11. Rfd1 (11. e4 e5 12. Nh4 (12. dxe5 dxe5 $11)) 11... Qe7 (11... Qc7)
(11... Nbd7) 12. Ne1 $146 {Un coup assez timide qui ne va pas donner
grand-chose aux blancs} (12. Rac1 $142 {Plus naturel et plus souple} Na6 13.
Qe3 (13. Ng5 $5 $146 Bxg2 14. Kxg2 e5 (14... Nb8 {Un coup assez laid mais le
Na6 n'avait pas trop d'avenir sur cette case et le recycler en c7 n'avait
aucun intérêt avec cette structure} 15. Nde4 Nbd7) 15. Nge4 $14) 13... Rfe8 14.
Ne1 Bxg2 15. Nxg2 e5 16. dxe5 Qxe5 17. Qxe5 dxe5 18. Ne3 Rad8 19. Nf3 e4 20.
Nd4 Nc5 21. Nc6 Rxd1+ 22. Rxd1 h5 23. b3 Kf8 24. Nf5 g6 25. Nd6 Ra8 26. Nb5 Kg7
{Blanco Fernandez,A (2390)-Gonzalez Zamora,J (2518)/Pachuca 2003/CBM 093 ext/1/
2-1/2 (48)}) 12... Na6 {[%cal Ga6b4,Ga5a4]} (12... a4) 13. Nc2 Bxg2 14. Kxg2 a4
{[%csl Gb3]} (14... e5) 15. e4 (15. Qf3 $14) 15... Qb7 16. f3 Rab8 17. a3 $1 b3
(17... b5 18. cxb5 Qxb5 (18... Nc7 19. axb4 $16) 19. Qxb5 Rxb5 20. Ne3) 18. Ne3
$14 {[%cal Ga1c1,Gd4d5]} b5 19. cxb5 Nc7 20. Rac1 (20. b6 $5 Qxb6 21. Ndc4 {
[%cal Gc4d6,Gc4b6]} Qa6 22. Rac1 {[%cal Gc1c7]}) (20. Ndc4 {[%csl Rd6]} Nxb5
21. Rac1 Rfc8 22. e5 $36) 20... Nxb5 (20... d5) 21. Rc4 Qa7 22. Rdc1 $36 (22.
Rb4 $5 Nc7 23. Rxb8 Rxb8 24. Ndc4 {[%csl Rd6]} Rd8 25. Nxd6 $1 Rxd6 26. e5 Rd8
27. exf6 gxf6 28. Qd2 Nd5 29. Ng4 {[%cal Gd2h6,Gg4f6]}) 22... e5 23. d5 {
[%csl Gc6]} g6 (23... Nd4 24. f4 {[%csl Rd4]} Nc2 25. Nxc2 bxc2 26. fxe5 Ng4
$13 {[%csl Gf2]}) 24. Rc6 $16 (24. Nb1 $5 {[%cal Gb1c3]}) 24... Rfd8 25. Ndc4
Ne8 {[%csl Gd6]} 26. Nd2 (26. f4 $5 {Avec l'avantage d'espace, les blancs
pouvaient peut-être tenter cette percée} Nd4 27. fxe5 $1 Nxc6 (27... dxe5 28.
Nxe5) 28. dxc6 dxe5 (28... Rbc8 29. exd6) 29. Nd5 $44) 26... Nf6 27. Ndc4 Ne8
28. Nd2 1/2-1/2

[Event "RUS Cup final"]
[Site "Magnitogorsk"]
[Date "2011.11.16"]
[Round "2.3"]
[White "Kovalenko, Igor"]
[Black "Maletin, Pavel"]
[Result "1/2-1/2"]
[WhiteElo "2584"]
[BlackElo "2568"]
[Annotator "RR"]
[PlyCount "105"]
[EventDate "2011.11.13"]
[EventType "k.o."]
[EventRounds "4"]
[EventCountry "RUS"]
[SourceTitle "CBM 146"]
[Source "ChessBase"]
[SourceDate "2012.01.18"]
[SourceVersion "1"]
[SourceVersionDate "2012.01.18"]
[SourceQuality "1"]

1. d4 Nf6 2. c4 e6 3. Nf3 b6 4. g3 Bb7 5. Bg2 Bb4+ 6. Nbd2 O-O 7. O-O d5 8. Qc2
Nbd7 9. Rd1 h6 10. a3 Be7 11. b4 c5 12. dxc5 bxc5 13. cxd5 exd5 14. bxc5 Bxc5
15. Bb2 Qb6 16. e3 Rfc8 17. Qb3 Qa5 18. Bc3 Qc7 19. Rdc1 Rab8 20. Bd4 Qa5 21.
Bc3 Qd8 22. Qa4 Ne4 23. Nxe4 dxe4 24. Nd4 Ne5 {[%tqu "En","","","","d4e6","",
10]} 25. Ne6 $1 Qd5 26. Bxe5 Qxe5 27. Nxc5 Rxc5 28. Qxa7 Rbc8 29. Rd1 Bd5 30.
Bh3 R8c6 31. Qa4 Kh7 32. Qd4 Qe7 33. a4 Bb3 34. Rf1 Rd5 35. Qb2 Rd3 36. a5 Rc2
37. Qa3 Qf6 38. Qb4 Bc4 39. Bg2 Rb3 $6 (39... Qf5 40. Rac1 Rdd2 $14) 40. Bxe4+
$18 g6 41. Qf8 $6 (41. Qa4 Rcc3 42. Rfb1 $16) 41... Rxf2 42. Rxf2 Qxa1+ 43. Kg2
Rxe3 44. Rxf7+ Bxf7 45. Qxf7+ Qg7 46. Bxg6+ Kh8 47. a6 Qxf7 48. Bxf7 Ra3 49.
Bc4 Kg7 50. Be2 Kf6 51. h4 Ke5 52. Kf2 Ke4 53. Bf1 1/2-1/2

[Event "Cappelle op 31st"]
[Site "Cappelle la Grande"]
[Date "2015.03.01"]
[Round "2"]
[White "Vidit, Santosh Gujrathi"]
[Black "Hasangatin, Ramil"]
[Result "1/2-1/2"]
[WhiteElo "2617"]
[BlackElo "2501"]
[Annotator "RR"]
[PlyCount "87"]
[EventDate "2015.02.28"]
[EventType "swiss"]
[EventRounds "9"]
[EventCountry "FRA"]
[SourceTitle "EXT 2016"]
[Source "ChessBase"]
[SourceDate "2015.10.08"]
[SourceVersion "1"]
[SourceVersionDate "2015.10.08"]
[SourceQuality "1"]

1. d4 Nf6 2. c4 e6 3. Nf3 b6 4. g3 Bb4+ 5. Nbd2 c5 (5... Ba6 {La grande ligne}
6. Qc2 Bb7 7. Bg2 Be4 8. Qb3 Bxd2+ 9. Bxd2 O-O) 6. Bg2 Bb7 7. dxc5 (7. a3) 7...
Bxc5 8. O-O O-O 9. a3 (9. b3 d5 10. cxd5 Nxd5 11. Bb2 Nc6 12. a3 a5 13. Ne4 Be7
14. Qb1 Ba6 15. Rc1 Rc8 16. Ra2 Re8 17. Ba1 h6 18. Rac2 Qd7 19. Qb2 Bf8 20. h4
Bb7 21. Ned2 e5 22. Nc4 e4 23. Nfe5 Nxe5 24. Nxe5 Qf5 25. Rxc8 Rxc8 26. Rxc8
Bxc8 27. e3 Nf6 28. Nc4 Be6 29. Ne5 Ng4 30. Nc6 Qc5 31. Nd4 Bd5 32. a4 Ne5 33.
Ne2 Nf3+ 34. Bxf3 exf3 35. Nf4 Be4 36. Qd4 Qc1+ 37. Kh2 Qc2 38. Kg1 Qb1+ {
Moiseenko,A (2709)-Tkachiev,V (2637) Warsaw 2013 0-1 (79)}) 9... Be7 10. Re1 d6
11. e4 $146 (11. b3 Nbd7 12. Bb2 a6 13. Nd4 Qc7 14. Rc1 Bxg2 15. Kxg2 Qb7+ 16.
N2f3 Rac8 17. Kg1 Rc7 18. Qd2 Rfc8 19. h3 Nc5 20. Qe3 Bf8 21. Nd2 b5 22. cxb5
axb5 23. Qf3 d5 24. Qe3 b4 25. a4 Nce4 26. Nxe4 Nxe4 27. Nb5 Bc5 28. Bd4 Bxd4
29. Nxd4 Rc3 30. Rxc3 bxc3 31. Nb5 Qe7 32. Qd4 Qg5 33. Qd1 c2 34. Qc1 Qd2 35.
Kf1 Qb4 {0-1 (35) Hottes,D (2166)-Bokros,A (2426) Balatonlelle 2006}) 11... Qc7
12. b4 Nc6 13. Bb2 Nd7 $5 {[%csl Gc5][%cal Ge7f6]} 14. Rc1 Bf6 15. Bxf6 Nxf6
16. Nb3 Rfd8 17. Nfd4 Rac8 18. f4 Nxd4 19. Nxd4 a6 20. Qd3 (20. Kh1) 20... Qb8
$11 {Une manoeuvre typique d'une sturcture hérisson} 21. Qe3 Qa8 22. Nb3 Qa7
23. h3 Ba8 24. Red1 (24. Kh2) 24... Qc7 25. g4 e5 26. fxe5 dxe5 27. c5 bxc5 (
27... Rxd1+ 28. Rxd1 bxc5 29. Nxc5 a5) 28. Nxc5 Qb6 (28... a5) 29. Kh2 a5 30.
Rxd8+ Rxd8 31. Qc3 axb4 32. axb4 h6 33. Ra1 Bb7 34. Qxe5 Qxb4 35. Ra7 Bc6 (
35... Ba8 36. Qc7 Rf8) 36. Qc7 Qb8 $1 37. e5 Qxc7 38. Rxc7 Bxg2 39. exf6 Bd5
40. fxg7 Kxg7 41. Nd3 Be4 42. Nf4 Rd2+ 43. Kg3 Bg6 44. Nxg6 1/2-1/2

[Event "IND-CHN Summit"]
[Site "Hyderabad"]
[Date "2015.03.10"]
[Round "8.3"]
[White "Lalith, Babu MR"]
[Black "Zhou, Jianchao"]
[Result "1-0"]
[WhiteElo "2556"]
[BlackElo "2578"]
[Annotator "Ramirez Alvarez,A"]
[PlyCount "63"]
[EventDate "2015.03.02"]
[EventType "schev"]
[EventRounds "8"]
[EventCountry "IND"]
[SourceTitle "CBM 166"]
[Source "ChessBase"]
[SourceDate "2015.05.11"]
[SourceVersion "1"]
[SourceVersionDate "2015.05.11"]
[SourceQuality "1"]

1. d4 Nf6 2. c4 e6 3. Nf3 b6 4. g3 Bb7 5. Bg2 Bb4+ 6. Bd2 c5 {A novelty idea.
It scores relatively well, but if White follows some of the most principled
routes it might be dubious for Black.} 7. Bxb4 cxb4 8. a3 {breaking with a3
soon is important: many people like to simply leave the pawn be on b4, and
that always ends up back firing. The correct way of dealing with these kinds
of set ups is, essentially, trading your a-pawn for the c-pawn. Meanwhile
Black should fight for the dark squares.} bxa3 9. Nxa3 O-O 10. O-O a5 11. Nb5
Na6 12. Qd2 Qe7 (12... d5 $1 {Is definitely more difficult for White to deal
with. The game continuation allows Lalith to binding his opponent.}) 13. Qf4
Rab8 14. Qd6 {of course. Now Black's lack of space is a real issue.} Qd8 15.
Rfc1 Nb4 (15... Ne8 16. Qf4 {is playable but that knight doesn't want to be on
e8.}) 16. Ne5 $1 Bxg2 17. Kxg2 Rb7 {The White knights on e5 and b5 are
beautiful. Balck does have an annoying threat, though, to play Ne8 and trap
the White queen!} 18. Nd3 $1 Ne8 19. Qf4 Nxd3 20. exd3 {Excellent
understanding. Lalith knows that the only way to break out of the bind is to
eventually play d5, so he sets up his structure to counter that!} d5 21. Ra3
dxc4 22. dxc4 Rd7 23. c5 $1 {this passed pawn sill cause serious problems.} Nc7
24. c6 e5 $2 (24... Rd5 $1 {Was a difficult to find computer move. It was
probably Black's best chance to survive, though after} 25. Nxc7 Rf5 26. Qe3
Qxc7 27. Qc3 {It's impossible to question White's edge.}) 25. dxe5 Rd5 26. Nxc7
Qxc7 27. Re3 {White's up a pawn and Lalith brings it home comfortably.} Re8 28.
Qe4 Rb5 29. Qd3 Rc5 30. Rxc5 bxc5 31. Qd5 Re6 32. Rd3 1-0